X. Pius pápa az iskola bölcselete érdekében
Elmentve itt :
| Szerző: | |
|---|---|
| Adatforrás: | Philobibl |
| Forrásdokumentuma: | Bölcseleti Folyóirat 19.1904. p. 166-169. |
| Dokumentumtípus: | Cikk |
| Nyelv: | magyar |
| LEADER | 00302nab a2200097 c 4500 | ||
|---|---|---|---|
| 001 | bibPHI0032534 | ||
| 005 | 20200924123038.8 | ||
| 008 | 080925s1904 hu hun | ||
| 100 | 1 | |a Macci Alajos | |
| 245 | 1 | 0 | |a X. Pius pápa az iskola bölcselete érdekében |c Macci Alajos |
| 773 | 0 | |t Bölcseleti Folyóirat |g 19.1904. p. 166-169. | |